Pokémon de type Acier uniquement - Statistiques

Statistiques générales
  • Ce quiz a été pris 43 fois
  • Le résultat moyen est 9 sur 11
Statistiques - réponses
Hint Réponse % Correct
n° 600 Clic
93%
n° 601 Cliticlic
90%
n° 599 Tic
90%
n° 379 Registeel
83%
n° 863 Berserkatt
80%
Forme de Galar Miaouss
78%
n° 878 Charibari
75%
n° 809 Melmetal
75%
n° 808 Meltan
73%
n° 879 Pachyradjah
73%
n° 968 Ferdeter
63%
Aucun quiz correspondant
Distribution des résultats
% des personnes avec chaque résultat
Percentile par nombre de réponses
Votre historique - résultats
Vous n’avez pas pris ce quiz